000 00216nam a2200097Ia 4500
008 190216s9999||||xx |||||||||||||| ||und||
100 _aNehru Jawaharlal
245 0 _aDiscovery Of India
260 _bNull
942 _cBK
999 _c11835
_d11835